| 000 | 007160000a22003010004500 | ||
|---|---|---|---|
| 082 |
_a657 _bH784i |
||
| 538 | _aT | ||
| 518 | _a2008-04-25 | ||
| 530 | _aM | ||
| 100 | _aHorngren, Charles T. | ||
| 100 | _aSundem, Gary L. | ||
| 100 | _aStratton, William O. | ||
| 245 | _aIntroduction to management accounting | ||
| 250 | _a13th ed. | ||
| 020 | _a81-7758-113-9 | ||
| 260 |
_aNew Delhi _bPearson Prentice Hall, India |
||
| 260 | _c2005 | ||
| 300 |
_a842p. _billus. |
||
| 041 | _aEng | ||
| 650 | _aAccounting | ||
| 650 | _aDecision making | ||
| 650 | _aCost accounting | ||
| 650 | _aBudgeting | ||
| 650 | _aFinancial accounting | ||
| 650 | _aMarketing | ||
| 005 | 20120907085046.0 | ||
| 942 | _cGEN | ||
| 999 |
_c43833 _d43833 |
||